[Event "OSEM 2019"]
[Site "Oberviechtach"]
[Date "2019.04.15"]
[Round "5.5"]
[White "Horeth, Marco"]
[Black "Forster, Stephan"]
[Result "1-0"]
[WhiteElo "1354"]
[BlackElo "1591"]
[PlyCount "39"]
[EventDate "2019.??.??"]
[WhiteTeam "FC Mintraching"]
[BlackTeam "DJK Amberg"]

1. e4 c5 2. c3 d6 3. Bc4 Nc6 4. Ne2 Nf6 5. f3 g6 6. d4 cxd4 7. Nxd4 Bg7 8. Bg5
O-O 9. Qd2 Re8 10. h4 h5 11. Bh6 Bh8 12. g4 Ne5 13. Na3 hxg4 14. h5 Nxh5 15.
Rxh5 gxh5 16. Qg5+ Kh7 17. Qxh5 Kg8 18. O-O-O Nxc4 19. Qg5+ Kh7 20. Rh1 1-0

[Event "OSEM 2019"]
[Site "Oberviechtach"]
[Date "2019.04.15"]
[Round "5.6"]
[White "Stöckl, Leonard"]
[Black "Paßler, Lukas"]
[Result "1/2-1/2"]
[WhiteElo "1273"]
[BlackElo "1501"]
[PlyCount "48"]
[EventDate "2019.??.??"]
[WhiteTeam "SK Schwandorf"]
[BlackTeam "DJK Amberg"]

1. e4 c5 2. Nf3 Nc6 3. d4 cxd4 4. Nxd4 Nf6 5. Nc3 a6 6. Be2 e6 7. Be3 Bb4 8.
Bg5 h6 9. Bh4 Bxc3+ 10. bxc3 g5 11. Nxc6 bxc6 12. e5 Ne4 13. Bg3 Nxc3 14. Qd3
Nxe2 15. Qxe2 Qa5+ 16. Kd1 Qd5+ 17. Kc1 Qxg2 18. Rd1 Rb8 19. Qe3 Rb4 20. f3 Rf8
21. Qc3 Rb5 22. a4 Rd5 23. Rxd5 exd5 24. Kb2 Qe2 1/2-1/2

[Event "OSEM 2019"]
[Site "Oberviechtach"]
[Date "2019.04.15"]
[Round "5.10"]
[White "Scheck, Arthur"]
[Black "Blodig, Vincent"]
[Result "1-0"]
[WhiteElo "1312"]
[BlackElo "1124"]
[PlyCount "59"]
[EventDate "2019.??.??"]
[WhiteTeam "SK Weiden"]
[BlackTeam "TV Riedenburg"]

1. d4 Nf6 2. Nf3 e6 3. c4 Bb4+ 4. Bd2 Be7 5. Nc3 O-O 6. e4 b6 7. Bd3 c5 8. h3
Bb7 9. Qc2 h6 10. d5 d6 11. O-O Nbd7 12. a3 a5 13. Nb5 Ne8 14. Bf4 e5 15. Bd2
Nc7 16. Nc3 Nf6 17. Qb3 Nce8 18. Na4 Nd7 19. Qc2 Ba6 20. b4 axb4 21. axb4 Nef6
22. b5 Bb7 23. Nc3 Qc7 24. Nh4 Nh5 25. Nf5 Nf4 26. Nxe7+ Kh8 27. Nf5 Ra5 28.
Ne2 Nxe2+ 29. Bxe2 Ra7 30. Rxa7 1-0

[Event "OSEM 2019"]
[Site "Oberviechtach"]
[Date "2019.04.15"]
[Round "5.11"]
[White "Schwarzmeier, Christine"]
[Black "Kutschera, Reinhardt"]
[Result "0-1"]
[WhiteElo "1045"]
[BlackElo "1483"]
[PlyCount "94"]
[EventDate "2019.??.??"]
[WhiteTeam "TV Riedenburg"]
[BlackTeam "DJK-Regensburg Nord"]

1. e4 d6 2. d4 Nf6 3. Nc3 g6 4. g3 Bg7 5. Bg2 c6 6. d5 cxd5 7. exd5 Qa5 8. Nge2
O-O 9. O-O Bg4 10. Kh1 Bxe2 11. Qxe2 Re8 12. Bd2 Qb4 13. Nb5 Qc5 14. Be3 Qc8
15. c3 a6 16. Nd4 b5 17. a3 Qb7 18. c4 bxc4 19. Qxc4 Ng4 20. Qe2 Nxe3 21. Qxe3
Qxb2 22. Nf3 Qc3 23. Qxc3 Bxc3 24. Rac1 Bb2 25. Rcd1 Bxa3 26. h4 h5 27. Ng5 a5
28. Rd3 Bc5 29. f4 f5 30. Ne6 Na6 31. Ra1 Nb4 32. Nc7 Nxd3 33. Nxe8 Rxe8 34.
Rxa5 Nf2+ 35. Kg1 e5 36. dxe6 Kg7 37. Bd5 Kf6 38. Kf1 Rb8 39. Ra1 Rb2 40. Re1
Nd3 41. Re2 Rb1+ 42. Kg2 Rg1+ 43. Kh3 Re1 44. Ra2 Nb4 45. Rd2 Nxd5 46. Rxd5
Kxe6 47. Rd2 Rf1 0-1

[Event "OSEM 2019"]
[Site "Oberviechtach"]
[Date "2019.04.15"]
[Round "5.13"]
[White "Eckl, Stefan"]
[Black "Fritsch, Nicolas"]
[Result "0-1"]
[WhiteElo "799"]
[BlackElo "1153"]
[PlyCount "78"]
[EventDate "2019.??.??"]
[WhiteTeam "SV OVI"]
[BlackTeam "DJK Amberg"]

1. e4 e5 2. Nf3 Nc6 3. Bb5 Nge7 4. d3 d6 5. h3 a6 6. Ba4 b5 7. Bb3 Na5 8. c3
Nxb3 9. Qxb3 Be6 10. Qc2 h6 11. Be3 Ng6 12. d4 Be7 13. O-O O-O 14. d5 Bd7 15.
Nbd2 c6 16. c4 c5 17. b3 b4 18. a3 a5 19. axb4 axb4 20. Ra2 Rxa2 21. Qxa2 Qa8
22. Ra1 Qxa2 23. Rxa2 Rc8 24. Ra7 Be8 25. Rb7 Bd8 26. g3 Ne7 27. Ne1 Ra8 28.
Nd3 Nc8 29. f4 f6 30. Nf3 Ra7 31. Rb8 Bd7 32. Rxc8 Bxc8 33. g4 Re7 34. fxe5
fxe5 35. g5 Rf7 36. Kg2 Bxg5 37. Nxg5 hxg5 38. Bxg5 g6 39. Nf2 Rh7 0-1

[Event "OSEM 2019"]
[Site "Oberviechtach"]
[Date "2019.04.15"]
[Round "5.8"]
[White "Meyer, Volkmar"]
[Black "Kammer, Fabian"]
[Result "1-0"]
[WhiteElo "1130"]
[BlackElo "1459"]
[PlyCount "55"]
[EventDate "2019.??.??"]
[WhiteTeam "TSV Nittenau"]
[BlackTeam "TSV Nittenau"]

1. e4 d5 2. e5 c5 3. c3 Nc6 4. d4 e6 5. Nf3 Bd7 6. Be3 b6 7. Bg5 Be7 8. Bxe7
Ngxe7 9. Bb5 Nxe5 10. Bxd7+ Nxd7 11. O-O O-O 12. Re1 Nc6 13. Na3 Nf6 14. Nc2
Rc8 15. Ne5 Nd7 16. Nxd7 Qxd7 17. Qg4 Qe7 18. Re3 f5 19. Qe2 Rf6 20. Re1 Re8
21. Rg3 e5 22. dxe5 Qxe5 23. Re3 Rfe6 24. Rxe5 Nxe5 25. Kf1 R6e7 26. Qd2 d4 27.
cxd4 Nc4 28. Qc3 1-0

[Event "OSEM 2019"]
[Site "Oberviechtach"]
[Date "2019.04.15"]
[Round "6.1"]
[White "Zeitler, Jürgen"]
[Black "Mühlberger, Ottmar"]
[Result "1-0"]
[WhiteElo "1596"]
[BlackElo "1314"]
[PlyCount "81"]
[EventDate "2019.??.??"]
[WhiteTeam "DJK Amberg"]
[BlackTeam "SC Sulzbach-Rosenberg"]

1. e4 e5 2. Nf3 Nc6 3. Bb5 Nf6 4. O-O d6 5. Re1 Be7 6. d4 O-O 7. Bxc6 bxc6 8.
dxe5 dxe5 9. Qxd8 Rxd8 10. Nxe5 Bb7 11. Nd3 c5 12. f3 c4 13. Ne5 Bc5+ 14. Kh1
Ba6 15. c3 Re8 16. Nc6 Re6 17. Nd4 Ree8 18. Be3 Bb6 19. Na3 c5 20. Nf5 Nd7 21.
Nd6 Re6 22. Naxc4 h6 23. Rad1 Bxc4 24. Nxc4 Ne5 25. Nxe5 Rxe5 26. Rd5 Rxd5 27.
exd5 Re8 28. Bf2 Rxe1+ 29. Bxe1 c4 30. g3 a5 31. b3 Bc5 32. Kg2 Kf8 33. Bf2 Bd6
34. Bb6 a4 35. bxc4 Be5 36. Bd4 f6 37. Bxe5 fxe5 38. c5 Ke7 39. c6 Kd6 40. a3
g5 41. h4 1-0

[Event "OSEM 2019"]
[Site "Oberviechtach"]
[Date "2019.04.15"]
[Round "6.2"]
[White "Limmer, Ewald"]
[Black "Horeth, Marco"]
[Result "0-1"]
[WhiteElo "1466"]
[BlackElo "1354"]
[PlyCount "90"]
[EventDate "2019.??.??"]
[WhiteTeam "FC Mintraching"]
[BlackTeam "FC Mintraching"]

1. e4 e5 2. Nf3 Nc6 3. Bb5 a6 4. Ba4 b5 5. Bb3 Bc5 6. c3 Nf6 7. d3 d6 8. h3 a5
9. a3 Be6 10. O-O Bb6 11. Re1 O-O 12. Bg5 h6 13. Bh4 g5 14. Bg3 g4 15. hxg4
Bxg4 16. Nbd2 Nh5 17. Bh2 Nf4 18. Bxf4 exf4 19. Bd5 Qd7 20. Qb3 Rab8 21. d4 Ne7
22. Qc2 Kg7 23. Ba2 Rh8 24. Nh4 Rbg8 25. Qb3 Be6 26. d5 Bh3 27. c4 Kf8 28. Kf1
Rxg2 29. Nxg2 Qg4 30. Qf3 Qd7 31. Qxf4 Rg8 32. Qxh6+ Ke8 33. Qh4 Rxg2 34. Rec1
Rg4+ 35. Qxh3 Rg1+ 36. Kxg1 Qxh3 37. Rc3 Qh4 38. Rf3 Ng6 39. e5 dxe5 40. Re1 f6
41. Ne4 f5 42. Rxf5 Qg4+ 43. Ng3 Qxg3+ 44. Kf1 Qh3+ 45. Ke2 Qxf5 0-1

[Event "OSEM 2019"]
[Site "Oberviechtach"]
[Date "2019.04.15"]
[Round "6.3"]
[White "Paßler, Lukas"]
[Black "Voith, Walter"]
[Result "1-0"]
[WhiteElo "1501"]
[BlackElo "1460"]
[PlyCount "52"]
[EventDate "2019.??.??"]
[WhiteTeam "DJK Amberg"]
[BlackTeam "SV OVI"]

1. c4 g6 2. Nc3 Bg7 3. g3 Nf6 4. Bg2 O-O 5. Nf3 d6 6. O-O e5 7. d4 Nbd7 8. dxe5
dxe5 9. e3 Re8 10. Qc2 c6 11. Rd1 Qe7 12. b3 Nc5 13. Ba3 Bf5 14. Qc1 Rad8 15.
Na4 Rxd1+ 16. Qxd1 Rd8 17. Qe1 Nfe4 18. Nh4 Bf8 19. Nxf5 gxf5 20. Bxe4 b6 21.
Bxf5 e4 22. Rd1 Qf6 23. Rxd8 Qxd8 24. Bxc5 Bxc5 25. Nxc5 bxc5 26. Bxe4 Qd7 1-0

[Event "OSEM 2019"]
[Site "Oberviechtach"]
[Date "2019.04.15"]
[Round "6.4"]
[White "Hofstetter, Markus"]
[Black "Klinkhammer, Christopher"]
[Result "0-1"]
[WhiteElo "1396"]
[BlackElo "1688"]
[PlyCount "86"]
[EventDate "2019.??.??"]
[WhiteTeam "SV OVI"]
[BlackTeam "DJK Amberg"]

1. e4 e5 2. Nf3 d6 3. Nc3 Nf6 4. Be2 Be7 5. O-O O-O 6. d3 c6 7. b3 Nbd7 8. Bb2
d5 9. exd5 cxd5 10. Rc1 Re8 11. Nb5 a6 12. Na3 Qa5 13. Nb1 e4 14. dxe4 dxe4 15.
Bc3 Qxa2 16. Nd4 Ba3 17. Qd2 Bxc1 18. Rxc1 Nd5 19. Bc4 N7b6 20. Bxd5 Nxd5 21.
Ne2 Nxc3 22. Qxc3 b6 23. Qc6 Bf5 24. Qxb6 Qb2 25. Nbc3 Qa3 26. Rd1 Rab8 27. Qd4
Qe7 28. Nf4 Qe5 29. Qe3 Red8 30. Re1 Rbc8 31. Nfd5 Rxd5 32. Nxd5 Qxd5 33. c4
Qc5 34. Qf4 Bg6 35. Rd1 Qc6 36. Rd6 Qc7 37. Qd2 h6 38. Rxa6 Rd8 39. Qe2 Qd7 40.
Ra1 Qd3 41. Qxd3 exd3 42. Kf1 d2 43. Ke2 Bc2 0-1

[Event "OSEM 2019"]
[Site "Oberviechtach"]
[Date "2019.04.15"]
[Round "6.6"]
[White "Blodig, Samuel"]
[Black "Hauer, Julian"]
[Result "1/2-1/2"]
[WhiteElo "1337"]
[BlackElo "1438"]
[PlyCount "87"]
[EventDate "2019.??.??"]
[WhiteTeam "TV Riedenburg"]
[BlackTeam "SC Sulzbach-Rosenberg"]

1. e4 e5 2. Nf3 Nc6 3. Bc4 Bc5 4. O-O h6 5. c3 d6 6. d4 Bb6 7. Be3 Bg4 8. h3
Bh5 9. Nbd2 exd4 10. cxd4 Bxd4 11. Bxd4 Nxd4 12. g4 Nxf3+ 13. Nxf3 Bg6 14. Qb3
Rb8 15. Nh4 Qxh4 16. Qa4+ c6 17. Qxa7 Qd8 18. Qd4 Qf6 19. Qa7 Qd8 20. Qd4 Nf6
21. e5 dxe5 22. Qxe5+ Kf8 23. Rfe1 Kg8 24. Rad1 Qe8 25. Qc7 Qc8 26. Qg3 b5 27.
Bb3 c5 28. Bd5 Nxd5 29. Rxd5 Kh7 30. h4 Re8 31. Red1 Rb7 32. f3 Qc7 33. Qf2 f6
34. h5 Bf7 35. Rxc5 Qb6 36. Qc2+ Kh8 37. Kg2 Re2+ 38. Qxe2 Qxc5 39. Rd8+ Bg8
40. Qe6 Qc2+ 41. Kh3 Qh7 42. Qc6 Ra7 43. a3 Qb1 44. Qxb5 1/2-1/2

[Event "OSEM 2019"]
[Site "Oberviechtach"]
[Date "2019.04.15"]
[Round "6.7"]
[White "Fischer, Manfred"]
[Black "Stöckl, Leonard"]
[Result "1-0"]
[WhiteElo "1431"]
[BlackElo "1273"]
[PlyCount "61"]
[EventDate "2019.??.??"]
[WhiteTeam "SC Bavaria Regensburg von 1881"]
[BlackTeam "SK Schwandorf"]

1. c4 e5 2. Nc3 Nc6 3. g3 Nf6 4. Bg2 Bc5 5. e3 d6 6. Nge2 Be6 7. d3 Qd7 8. O-O
Bh3 9. a3 a5 10. Rb1 Bxg2 11. Kxg2 d5 12. cxd5 Nxd5 13. d4 exd4 14. exd4 Nxc3
15. bxc3 O-O-O 16. Qb3 Bb6 17. Be3 Qe6 18. Qc2 Qc4 19. Qf5+ Rd7 20. Rfe1 Ne7
21. Qb5 Qd5+ 22. Kg1 Qe4 23. c4 Nf5 24. Nf4 Nxd4 25. Bxd4 Qxd4 26. Rb2 c6 27.
Qxb6 Qxc4 28. Qxa5 Rhd8 29. Qa8+ Kc7 30. Qxb7+ Kd6 31. Rd2+ 1-0

[Event "OSEM 2019"]
[Site "Oberviechtach"]
[Date "2019.04.15"]
[Round "6.8"]
[White "Zwack, Josef"]
[Black "Meyer, Volkmar"]
[Result "1-0"]
[WhiteElo "1380"]
[BlackElo "1130"]
[PlyCount "55"]
[EventDate "2019.??.??"]
[WhiteTeam "SV OVI"]
[BlackTeam "TSV Nittenau"]

1. e4 e5 2. Nf3 Nc6 3. Bb5 a6 4. Ba4 b5 5. Bb3 Nf6 6. O-O Bc5 7. d3 O-O 8. Nbd2
d6 9. c3 Bg4 10. h3 Bh5 11. Bc2 Qd7 12. b4 Bb6 13. Qe1 Rfe8 14. Nh4 Ne7 15. Kh1
Ng6 16. Nxg6 Bxg6 17. f4 exf4 18. Rxf4 Re5 19. Nf3 Ree8 20. Nh4 Rf8 21. Bb2 Ne8
22. Nxg6 hxg6 23. h4 f6 24. Bb3+ Kh7 25. Qg3 f5 26. Raf1 Nf6 27. exf5 gxf5 28.
Rxf5 1-0

[Event "OSEM 2019"]
[Site "Oberviechtach"]
[Date "2019.04.15"]
[Round "6.9"]
[White "Forster, Stephan"]
[Black "Kutschera, Reinhardt"]
[Result "1-0"]
[WhiteElo "1591"]
[BlackElo "1483"]
[PlyCount "85"]
[EventDate "2019.??.??"]
[WhiteTeam "DJK Amberg"]
[BlackTeam "DJK-Regensburg Nord"]

1. d4 Nf6 2. c4 c5 3. d5 d6 4. Nc3 g6 5. e4 Nbd7 6. f4 Bg7 7. Nf3 O-O 8. Bd3
Qa5 9. Bd2 a6 10. O-O Qb6 11. Rb1 Qc7 12. Re1 b5 13. cxb5 axb5 14. Bxb5 Qb6 15.
Qe2 Ng4 16. h3 c4+ 17. Kf1 Ngf6 18. Bxc4 Bb7 19. Be3 Qa5 20. b4 Qc7 21. Nb5 Qc8
22. Bd3 Nh5 23. Kg1 Ba6 24. Rec1 Qb8 25. a4 Nb6 26. a5 Na4 27. Kh2 Bxb5 28.
Bxb5 Nc3 29. Rxc3 Bxc3 30. g4 Nf6 31. Bb6 Rc8 32. Bc6 Ra7 33. Qe3 Ra6 34. Qxc3
Rxb6 35. axb6 Qxb6 36. Qd4 Qa6 37. Kg3 Rxc6 38. b5 Qa2 39. Rb2 Nxe4+ 40. Qxe4
Qxb2 41. bxc6 Kf8 42. Qd4 Qxd4 43. Nxd4 1-0

[Event "OSEM 2019"]
[Site "Oberviechtach"]
[Date "2019.04.15"]
[Round "6.10"]
[White "Fritsch, Nicolas"]
[Black "Scheck, Arthur"]
[Result "1-0"]
[WhiteElo "1153"]
[BlackElo "1312"]
[PlyCount "77"]
[EventDate "2019.??.??"]
[WhiteTeam "DJK Amberg"]
[BlackTeam "SK Weiden"]

1. c4 e6 2. Nc3 Nf6 3. g3 c6 4. Bg2 Bb4 5. e3 O-O 6. a3 Bxc3 7. bxc3 b6 8. Ne2
Na6 9. O-O d5 10. cxd5 exd5 11. Bb2 Bf5 12. d3 Nc5 13. Nc1 Qd6 14. Qe2 Bg4 15.
f3 Be6 16. e4 Qc7 17. a4 Rfe8 18. d4 Nb7 19. e5 Nd7 20. Nb3 c5 21. Rfc1 c4 22.
Nd2 f6 23. f4 Rad8 24. Re1 Nf8 25. exf6 g6 26. Ba3 Nd7 27. Be7 Nf8 28. Bxd8
Qxd8 29. Bh3 Qxf6 30. Bxe6+ Rxe6 31. Qf3 Rd6 32. Re5 Qf7 33. Rae1 Nd7 34. Re8+
Nf8 35. R1e7 Qf5 36. Rxb7 Qc2 37. Qe3 Rf6 38. Rxf8+ Rxf8 39. Qe6+ 1-0

[Event "OSEM 2019"]
[Site "Oberviechtach"]
[Date "2019.04.15"]
[Round "6.11"]
[White "Kammer, Fabian"]
[Black "Blodig, Vincent"]
[Result "1-0"]
[WhiteElo "1459"]
[BlackElo "1124"]
[PlyCount "88"]
[EventDate "2019.??.??"]
[WhiteTeam "TSV Nittenau"]
[BlackTeam "TV Riedenburg"]

1. e4 e5 2. Bc4 Nf6 3. d3 Nc6 4. Nc3 Be7 5. Nge2 O-O 6. O-O d6 7. f4 Be6 8. Bb3
Qd7 9. f5 Bxb3 10. axb3 a6 11. Bg5 Ng4 12. Bxe7 Qxe7 13. Qd2 Qh4 14. h3 Nh6 15.
Rf3 Kh8 16. Raf1 f6 17. Nd5 Rf7 18. Ne3 Rg8 19. g4 g6 20. Ng2 Qg5 21. Qxg5 fxg5
22. c3 gxf5 23. exf5 Rgf8 24. Ne3 Ng8 25. Nd5 Nge7 26. Nxc7 Rc8 27. Ne6 h6 28.
Ng3 Nd5 29. Ne4 Rd7 30. f6 Nf4 31. f7 Nxe6 32. f8=Q+ Nxf8 33. Rxf8+ Rxf8 34.
Rxf8+ Kg7 35. Rf2 Rf7 36. Rxf7+ Kxf7 37. Nxd6+ Ke6 38. Nxb7 Kd5 39. Kf2 a5 40.
Ke3 Ne7 41. Nxa5 Ng6 42. Nc4 Nh4 43. Kf2 Ng6 44. Ne3+ Kc5 1-0

[Event "OSEM 2019"]
[Site "Oberviechtach"]
[Date "2019.04.15"]
[Round "6.13"]
[White "Schickram, Paul"]
[Black "Margraf, Dieter"]
[Result "1/2-1/2"]
[WhiteElo "1050"]
[BlackElo "1528"]
[PlyCount "23"]
[EventDate "2019.??.??"]
[WhiteTeam "SK Schwandorf"]
[BlackTeam "SC Sulzbach-Rosenberg"]

1. e4 d5 2. exd5 Nf6 3. d4 Nxd5 4. Nf3 Bf5 5. Bd3 Bxd3 6. Qxd3 c6 7. O-O e6 8.
Bd2 Bd6 9. g3 Nd7 10. Na3 O-O 11. Nc4 N7f6 12. a3 1/2-1/2

[Event "OSEM 2019"]
[Site "Oberviechtach"]
[Date "2019.04.15"]
[Round "6.14"]
[White "Eckl, Stefan"]
[Black "Schwarzmeier, Christine"]
[Result "1/2-1/2"]
[WhiteElo "799"]
[BlackElo "1045"]
[PlyCount "53"]
[EventDate "2019.??.??"]
[WhiteTeam "SV OVI"]
[BlackTeam "TV Riedenburg"]

1. e4 e5 2. Nf3 Nc6 3. Bb5 Bc5 4. Bxc6 dxc6 5. d3 Bd6 6. h3 Ne7 7. Bg5 c5 8.
Bxe7 Qxe7 9. Nc3 c6 10. O-O O-O 11. Qd2 Qf6 12. Ne2 Be7 13. c3 b6 14. d4 cxd4
15. cxd4 Bd6 16. dxe5 Bxe5 17. Nxe5 Qxe5 18. Ng3 Ba6 19. Rfc1 c5 20. Rc2 Rad8
21. Qe1 Rfe8 22. Rd1 Qc7 23. Rcd2 Rxd2 24. Qxd2 Bb5 25. f3 g6 26. Ne2 Bxe2 27.
Qxe2 1/2-1/2

[Event "OSEM 2019"]
[Site "Oberviechtach"]
[Date "2019.04.16"]
[Round "7.1"]
[White "Horeth, Marco"]
[Black "Zeitler, Jürgen"]
[Result "1/2-1/2"]
[WhiteElo "1354"]
[BlackElo "1596"]
[PlyCount "43"]
[EventDate "2019.??.??"]
[WhiteTeam "FC Mintraching"]
[BlackTeam "DJK Amberg"]

1. e4 e5 2. Nf3 Nc6 3. Bc4 Bc5 4. b4 Bxb4 5. c3 Ba5 6. d4 exd4 7. O-O Nge7 8.
cxd4 d5 9. exd5 Nxd5 10. Qb3 Be6 11. Nbd2 Bb6 12. Ba3 Na5 13. Qa4+ c6 14. Bxd5
Qxd5 15. Rfe1 O-O-O 16. Re5 Qd7 17. Rxa5 Bxa5 18. Qxa5 b6 19. Qc3 Bd5 20. Ne5
Qc7 21. Rc1 Kb7 22. Nb3 1/2-1/2

[Event "OSEM 2019"]
[Site "Oberviechtach"]
[Date "2019.04.16"]
[Round "7.2"]
[White "Klinkhammer, Christopher"]
[Black "Limmer, Ewald"]
[Result "1-0"]
[WhiteElo "1688"]
[BlackElo "1466"]
[PlyCount "55"]
[EventDate "2019.??.??"]
[WhiteTeam "DJK Amberg"]
[BlackTeam "FC Mintraching"]

1. c4 e5 2. g3 Nc6 3. Bg2 Nge7 4. Nc3 g6 5. e4 Bg7 6. Nge2 O-O 7. O-O d6 8. d3
a6 9. f4 f5 10. h3 Rb8 11. b3 Kh8 12. Be3 Bd7 13. Qd2 Qc8 14. Kh2 fxe4 15. dxe4
Be6 16. fxe5 Nxe5 17. Rxf8+ Qxf8 18. Rf1 Qg8 19. Nd5 Nxd5 20. cxd5 Bf7 21. Nd4
Be8 22. Ne6 Bb5 23. Rf4 Rc8 24. Rh4 Bd7 25. Nxg7 Kxg7 26. Bh6+ Kh8 27. Qf4 Nf7
28. Qf6+ 1-0

[Event "OSEM 2019"]
[Site "Oberviechtach"]
[Date "2019.04.16"]
[Round "7.3"]
[White "Mühlberger, Ottmar"]
[Black "Paßler, Lukas"]
[Result "0-1"]
[WhiteElo "1314"]
[BlackElo "1501"]
[PlyCount "48"]
[EventDate "2019.??.??"]
[WhiteTeam "SC Sulzbach-Rosenberg"]
[BlackTeam "DJK Amberg"]

1. e4 c5 2. c4 Nc6 3. Nf3 Nf6 4. Nc3 d6 5. h3 g6 6. d3 Bg7 7. Be2 O-O 8. O-O
Nd7 9. Qc2 Nde5 10. Nxe5 Bxe5 11. Be3 Nd4 12. Bxd4 Bxd4 13. Kh1 Bd7 14. f4 f5
15. Qb3 Qc8 16. Bf3 Rb8 17. Nd5 Rf7 18. Kh2 b5 19. Rae1 bxc4 20. Qxc4 e6 21.
exf5 gxf5 22. Bh5 Rg7 23. Ne3 Rxb2 24. Nxf5 Rgxg2+ 0-1

[Event "OSEM 2019"]
[Site "Oberviechtach"]
[Date "2019.04.16"]
[Round "7.4"]
[White "Strasser, Karl-Heinz"]
[Black "Fischer, Manfred"]
[Result "0-1"]
[WhiteElo "1476"]
[BlackElo "1431"]
[PlyCount "104"]
[EventDate "2019.??.??"]
[WhiteTeam "TSG Laaber"]
[BlackTeam "SC Bavaria Regensburg von 1881"]

1. c4 g6 2. Nc3 Bg7 3. g3 Nf6 4. d4 O-O 5. e4 d6 6. Bg2 c6 7. Nf3 Nbd7 8. Bg5
Qa5 9. O-O Nb6 10. Qd3 Bg4 11. e5 Bf5 12. Qe2 dxe5 13. Nxe5 Be6 14. c5 Nbd5 15.
Bd2 Qd8 16. a3 Nd7 17. Nf3 Nxc3 18. Bxc3 Bd5 19. Rfe1 e6 20. Qc2 Rc8 21. b4 Re8
22. Rad1 Qc7 23. Qd3 Rcd8 24. Bh3 f5 25. Bf1 Nf6 26. Nd2 b5 27. Qc2 Re7 28. Bg2
Bxg2 29. Kxg2 Nd5 30. Bb2 e5 31. Nf1 f4 32. Qb3 Kh8 33. dxe5 Bxe5 34. Nd2 Bxb2
35. Qxb2+ Kg8 36. Ne4 Rf8 37. Nd6 f3+ 38. Kf1 Rd8 39. Qb3 Rxe1+ 40. Kxe1 Qe7+
41. Kf1 Qe2+ 42. Kg1 Kf8 43. Qd3 Rd7 44. Qd4 Kg8 45. Qd3 Re7 46. Qxe2 fxe2 47.
Re1 Nc3 48. Kg2 Nb1 49. Nc8 Re6 50. Nxa7 Nxa3 51. Kf3 Nc2 52. Rxe2 Nd4+ 0-1

[Event "OSEM 2019"]
[Site "Oberviechtach"]
[Date "2019.04.16"]
[Round "7.5"]
[White "Forster, Stephan"]
[Black "Hofstetter, Markus"]
[Result "0-1"]
[WhiteElo "1591"]
[BlackElo "1396"]
[PlyCount "66"]
[EventDate "2019.??.??"]
[WhiteTeam "DJK Amberg"]
[BlackTeam "SV OVI"]

1. d4 d5 2. Nf3 Nf6 3. Bg5 h6 4. Bxf6 exf6 5. e3 Bg4 6. Nbd2 Bb4 7. c3 Ba5 8.
Bd3 O-O 9. Qc2 Nc6 10. O-O Ne7 11. e4 dxe4 12. Bxe4 c6 13. b4 Bc7 14. h3 Be6
15. a4 a6 16. Rfb1 b5 17. Nb3 Bxb3 18. Qxb3 Qd6 19. c4 Qf4 20. Re1 f5 21. Bc2
Ng6 22. g3 Qd6 23. Bxf5 Qf6 24. Bxg6 Qxg6 25. Ne5 Bxe5 26. Rxe5 Rfd8 27. d5
Rac8 28. axb5 axb5 29. cxb5 cxd5 30. Rxd5 Qb6 31. Rad1 Rxd5 32. Rxd5 Rc1+ 33.
Kh2 Qxf2# 0-1

[Event "OSEM 2019"]
[Site "Oberviechtach"]
[Date "2019.04.16"]
[Round "7.6"]
[White "Hauer, Julian"]
[Black "Zwack, Josef"]
[Result "1/2-1/2"]
[WhiteElo "1438"]
[BlackElo "1380"]
[PlyCount "92"]
[EventDate "2019.??.??"]
[WhiteTeam "SC Sulzbach-Rosenberg"]
[BlackTeam "SV OVI"]

1. e4 c5 2. c3 d6 3. d4 cxd4 4. cxd4 a6 5. Nc3 Nf6 6. Nf3 e6 7. Bd3 Be7 8. O-O
O-O 9. h3 b5 10. a3 Bb7 11. Bg5 Nbd7 12. e5 dxe5 13. dxe5 Bxf3 14. Qxf3 Nxe5
15. Qe2 h6 16. Bxf6 Bxf6 17. Be4 Rb8 18. Kh1 Qb6 19. Rab1 Nc4 20. Rfc1 Rfd8 21.
a4 Rd2 22. Qe1 Rbd8 23. Rc2 g5 24. Rxd2 Rxd2 25. axb5 axb5 26. b3 Bxc3 27. bxc4
Qxf2 28. Qxf2 Rxf2 29. cxb5 Rb2 30. b6 Rxb1+ 31. Bxb1 Be5 32. b7 f5 33. Kg1 Kf7
34. Kf2 Ke7 35. g4 f4 36. Be4 Bb8 37. Ke2 Kd6 38. Kd3 Ke5 39. Bf3 Bc7 40. Kc4
Kd6 41. Bg2 f3 42. Bxf3 Ke5 43. Kd3 Kf4 44. Be2 Kg3 45. Bf1 Kf2 46. Be2 e5 (
46... e5 47. Bd1 Kg3 48. Ke4 Kxh3 49. Kf5 Kh4 50. Kg6 e4 51. Kxh6 e3 52. Kg6
Bf4 53. Kf5 Kg3 54. b8=Q) 1/2-1/2

[Event "OSEM 2019"]
[Site "Oberviechtach"]
[Date "2019.04.16"]
[Round "7.7"]
[White "Voith, Walter"]
[Black "Fritsch, Nicolas"]
[Result "1-0"]
[WhiteElo "1460"]
[BlackElo "1153"]
[PlyCount "63"]
[EventDate "2019.??.??"]
[WhiteTeam "SV OVI"]
[BlackTeam "DJK Amberg"]

1. Nf3 d5 2. g3 c6 3. Bg2 Bf5 4. O-O Nd7 5. d3 e6 6. Nbd2 Bd6 7. Qe1 Qc7 8. e4
dxe4 9. dxe4 Bg6 10. Nc4 e5 11. Nh4 Ne7 12. c3 Nb6 13. Nxd6+ Qxd6 14. Be3 Nc4
15. Rd1 Qe6 16. Bc1 Bh5 17. Rd3 O-O 18. b3 Nb6 19. Ba3 Rad8 20. Qd2 Rxd3 21.
Qxd3 Re8 22. Nf3 Bxf3 23. Bxf3 Qd7 24. Rd1 Qxd3 25. Rxd3 Ng6 26. h4 f6 27. Bg4
Nf8 28. Bc5 Kf7 29. a4 Ra8 30. a5 Nc8 31. Bxf8 Kxf8 32. Rd8+ 1-0

[Event "OSEM 2019"]
[Site "Oberviechtach"]
[Date "2019.04.16"]
[Round "7.8"]
[White "Eichinger, Bernd"]
[Black "Blodig, Samuel"]
[Result "0-1"]
[WhiteElo "1411"]
[BlackElo "1337"]
[PlyCount "74"]
[EventDate "2019.??.??"]
[WhiteTeam "SK Schwandorf"]
[BlackTeam "TV Riedenburg"]

1. d4 Nf6 2. Nf3 b6 3. Bf4 Bb7 4. e3 e6 5. c4 d6 6. Nc3 Nbd7 7. Be2 Be7 8. O-O
Nh5 9. Bg3 Nxg3 10. fxg3 Nf6 11. Bd3 Qd7 12. Qc2 d5 13. Ne5 Qd8 14. Qa4+ c6 15.
Nxc6 Qd7 16. Nxe7 Qxa4 17. Nxa4 dxc4 18. Ng6 hxg6 19. Bxc4 Ng4 20. h3 Nxe3 21.
Bb5+ Ke7 22. Rfe1 Nc2 23. Rec1 Nxa1 24. Rc7+ Kf6 25. Rxb7 Nc2 26. d5 exd5 27.
Rd7 Rhd8 28. Nc3 Rxd7 29. Bxd7 Rd8 30. Nxd5+ Ke5 31. Ba4 Rxd5 32. Bxc2 Rd2 33.
Bb3 f6 34. Kh2 Rxb2 35. g4 Kd4 36. Kg3 Rxb3+ 37. axb3 Kc3 0-1

[Event "OSEM 2019"]
[Site "Oberviechtach"]
[Date "2019.04.16"]
[Round "7.9"]
[White "Stöckl, Leonard"]
[Black "Kammer, Fabian"]
[Result "1/2-1/2"]
[WhiteElo "1273"]
[BlackElo "1459"]
[PlyCount "57"]
[EventDate "2019.??.??"]
[WhiteTeam "SK Schwandorf"]
[BlackTeam "TSV Nittenau"]

1. e4 d5 2. exd5 Qxd5 3. d4 c6 4. c4 Qa5+ 5. Nc3 Nf6 6. Nf3 e6 7. a3 Nbd7 8. b4
Qc7 9. Bd3 Be7 10. O-O O-O 11. Ne2 Rd8 12. Bf4 Bd6 13. Bg3 Bxg3 14. Nxg3 Nf8
15. Ne4 N6d7 16. Qc2 b6 17. c5 bxc5 18. dxc5 Ng6 19. Nd6 Nf6 20. Rfe1 Ne8 21.
Nxe8 Rxe8 22. h4 Bb7 23. Rad1 Rad8 24. Ng5 Rd7 25. b5 Red8 26. bxc6 Bxc6 27.
Bxg6 hxg6 28. Rxd7 Rxd7 29. Rc1 1/2-1/2

[Event "OSEM 2019"]
[Site "Oberviechtach"]
[Date "2019.04.16"]
[Round "7.11"]
[White "Kutschera, Reinhardt"]
[Black "Schickram, Paul"]
[Result "1-0"]
[WhiteElo "1483"]
[BlackElo "1050"]
[PlyCount "57"]
[EventDate "2019.??.??"]
[WhiteTeam "DJK-Regensburg Nord"]
[BlackTeam "SK Schwandorf"]

1. c4 e6 2. d4 d5 3. cxd5 exd5 4. Nf3 Bg4 5. Ne5 Be6 6. Qb3 b6 7. Qb5+ Nd7 8.
Qc6 Rb8 9. Bf4 Rc8 10. a3 Bd6 11. Nc3 Ne7 12. Qa4 a5 13. Nb5 O-O 14. Nxd6 cxd6
15. Nxd7 Qxd7 16. Qxd7 Bxd7 17. Bxd6 Rfe8 18. Bxe7 Rxe7 19. e3 Rc2 20. Rb1 Bf5
21. Bb5 Be4 22. O-O Re6 23. Rfc1 Rxc1+ 24. Rxc1 g6 25. Rc7 Rd6 26. b4 axb4 27.
axb4 Rd8 28. Rb7 Rc8 29. f3 1-0